000 01228 a2200301 4500
003 OSt
005 20260203112623.0
008 120213t xxu||||| |||| 00| 0 eng d
010 _a 2009022203
020 _a9781580932240
020 _a158093224X
035 _a(OCoLC)ocn299708729
040 _c0
082 0 0 _a720.922
110 2 _aSkidmore, Owings & Merrill.
_932482
245 1 0 _aArchitecture of Skidmore, Owings & Merrill, 1997-2008 /
_cintroduction by Kenneth Frampton.
246 3 _aSOM :
_barchitecture of Skidmore, Owings & Merrill, 1997-2008
250 _a1st ed.
260 _aNew York :
_bMonacelli Press,
_cc2009.
300 _a264 p. :
_bchiefly ill. (some col.) ;
_c29 cm.
610 2 0 _aSkidmore, Owings & Merrill.
_932482
650 0 _aArchitecture
_zUnited States
_xHistory
_y20th century.
_932294
650 0 _aArchitecture
_zUnited States
_xHistory
_y21st century.
_932483
856 4 2 _3Contributor biographical information
_uhttp://www.loc.gov/catdir/enhancements/fy1007/2009022203-b.html
856 4 2 _3Publisher description
_uhttp://www.loc.gov/catdir/enhancements/fy1007/2009022203-d.html
942 _aSADA
_cBK
_k720.922 ARC 2009
_2ddc
999 _c352395
_d352395